000 01058nam a22002531 4500
001 34743
003 BD-RjUL
005 20211209052214.0
008 140519s1960 nyua b 001 0 eng
035 _a(BD-RjUL)34837
040 _aDLC
_cDLC
_dDLC
_dBD-RjUL
_beng
041 _aeng
082 0 0 _a301.44
_bWAS Pt-1 1960
100 1 _aWarner, W. Lloyd
_q(William Lloyd),
_d1898-1970.
_9105681
245 1 0 _aSocial class in America :
_ba manual of procedure for the measurement of social status /
_c[by] W. Lloyd Warner with Marchia Meeker and Kenneth Eells. With a new essay, Theory and method for the comparative study of social stratification, by W. Lloyd Warner.
_nPart One :
_pIntroduction to the procedures analying social class
260 _aNew York :
_bHarper,
_c1960.
300 _axiii, 298 p. :
_bill. ;
_c21 cm.
490 0 _aHarper torchbooks, TB1013. The Academy library
504 _aIncludes bibliography and index.
650 0 _aSocial classes
_zUnited States.
_913008
942 _2ddc
_cBK
999 _c34743
_d34743